LOTR: Legolas - Statistics

General Stats
  • This quiz has been taken 105 times
  • The average score is 9 of 14
Answer Stats
Answer % Correct
His best and most unlikely friend Gimli
98%
his father Thranduil
93%
Legolas was sent to Rivendell to relate the news of the escape of this creature Gollum
87%
Before the War of the Ring he was a prince of ... The Woodland Realm
87%
The actor who played Legolas in Peter Jackson's trilogy Orlando Bloom
84%
The gift Galadriel presented specifically to Legolas when the Fellowship departed from Lothlorien A Galadhrim bow strung with elf hair and arrows
73%
What does his name mean in the Common Speech? Greenleaf
67%
At the end of the battle of the Hornburg, how many enemies had Legolas killed (in the books)? 41
54%
Besides his bow, Legolas also wields this weapon. a long white knife
47%
Fangorn forest
46%
Legolas and Gimli made promises to each other to visit 2 places in Middle-Earth after the War. Which 2 places? Aglarond
41%
In the night, on the River Anduin near Sarn Gebir, Legolas shot down this evil creature Fell Beast
39%
After the war Legolas brought a company of elves to this land in Gondor. Ithilien
36%
At Pelargir his heart became restless when he heard the cry of these birds on the shore of the Sea, fulfilling Galadriel's prediction and warning. gulls
33%
No matching quizzes found
Score Distribution
Percent of People with Each Score
Percentile by Number Answered
Your Score History
You have not taken this quiz